000 00927na a2200301 4500
001 16000
003 MIRAKIL
005 20181213154950.0
008 161001b tu 000 0
020 _a9780720613100
035 _a16000
040 _aMilas
_btur
_cTR-AnCHP
041 _aeng
082 _a813.42
_bO63a 2008
090 _a813.42 O63a 2008
100 _aOrhan Kemal
_d1914-1970
240 _aAvare yıllar
_lİngilizce
245 _aThe idle years
_cOrhan Kemal ; translated by Cengiz Lugal ; forward by Orhan Pamuk
260 _aGreat Britain
_bPeter Owen Publishers
_c2008
300 _a223 s.
_c20 sm.
500 _aÖzgün yapıt adı: Avare Yıllar
505 _aMy father's house and The idle years
650 _aTürkçe roman
_xİngilizceye çeviriler
650 _aTürk edebiyatı
_xRoman
_yİngilizceye çeviriler
700 _aPamuk, Orhan
700 _aLugal, Cengiz
942 _2dcc
_cBKS
999 _c4016
_d4016